| 000 | 00987cab a2200349 4500 | ||
|---|---|---|---|
| 001 | X99738 | ||
| 008 | 090401t1999 xxu||||| |||| 00| 0 eng d | ||
| 035 | _a(Sirsi) u99738 | ||
| 041 | _aeng | ||
| 245 | _aFocus `99: Wales | ||
| 260 | _c1999 | ||
| 350 | _a0 | ||
| 490 |
_aEstates Gazette _v(9908) 27 February 1999, 81-137(18) |
||
| 650 | _aCARDIFF | ||
| 650 | _aCINEMAS | ||
| 650 | _aECONOMY | ||
| 650 | _aINDUSTRIAL MARKET | ||
| 650 | _aINWARD INVESTMENT | ||
| 650 | _aLEISURE MARKET | ||
| 650 | _aNORTH WALES | ||
| 650 | _aPROPERTY-COMMERCIAL PROPERTY-OFFICE PROPERTY-OFFICE PROPERTY MARKET | ||
| 650 | _aPRIME RENTS | ||
| 650 | _aPRIVATE FINANCE INITIATIVE | ||
| 650 |
_aRefurbishment _96264 |
||
| 650 | _aPROPERTY-COMMERCIAL PROPERTY-RETAIL PROPERTY-RETAIL PROPERTY MARKET | ||
| 650 | _aSWANSEA | ||
| 650 | _aWALES | ||
| 650 | _aWELSH ASSEMBLY | ||
| 690 | _aPROPERTY-COMMERCIAL PROPERTY-COMMERCIAL PROPERTY MARKET | ||
| 942 | _n0 | ||
| 948 | _c05/03/1999 | ||
| 999 |
_c59974 _d59974 |
||